| 000 | 00428nam a22001697a 4500 | ||
|---|---|---|---|
| 003 | NUST | ||
| 005 | 20220922160857.0 | ||
| 008 | 180724b ||||| |||| 00| 0 eng d | ||
| 038 | _a0 | ||
| 082 | _a302.23 | ||
| 100 | _4Zeeshan Shafquat | ||
| 245 | _aThe weapon of mass propaganda | ||
| 260 |
_aIslamabad _bNUST _c2017 |
||
| 300 | _a58p | ||
| 856 | _uhttp://10.250.8.41:8080/xmlui/handle/123456789/30510 | ||
| 942 |
_2ddc _cTHE |
||
| 999 |
_c478809 _d478809 |
||